पितरों का घर / (Record no. 157004)
[ view plain ]
| 000 -LEADER | |
|---|---|
| fixed length control field | 01009nam a22002657a 4500 |
| 003 - CONTROL NUMBER IDENTIFIER | |
| control field | dpl |
| 005 - DATE AND TIME OF LATEST TRANSACTION | |
| control field | 20180905163738.0 |
| 008 - FIXED-LENGTH DATA ELEMENTS--GENERAL INFORMATION | |
| fixed length control field | 180905b xxu||||| |||| 00| 0 eng d |
| 010 ## - LIBRARY OF CONGRESS CONTROL NUMBER | |
| LC control number | RC-103995 |
| 020 ## - INTERNATIONAL STANDARD BOOK NUMBER | |
| Terms of availability | 45.00 |
| 035 ## - SYSTEM CONTROL NUMBER | |
| System control number | RC-103995 |
| 037 ## - SOURCE OF ACQUISITION | |
| Source of stock number/acquisition | BPPD/PUB |
| 040 ## - CATALOGING SOURCE | |
| Original cataloging agency | DPL |
| Language of cataloging | HN |
| Transcribing agency | 0 |
| 082 ## - DEWEY DECIMAL CLASSIFICATION NUMBER | |
| Classification number | उ |
| Item number | भट्टप्रे |
| 100 ## - MAIN ENTRY--PERSONAL NAME | |
| Personal name | भट्ट, प्रेमलाल |
| 245 ## - TITLE STATEMENT | |
| Title | पितरों का घर / |
| Statement of responsibility, etc | प्रेमलाल भट्ट |
| 260 ## - PUBLICATION, DISTRIBUTION, ETC. (IMPRINT) | |
| Place of publication, distribution, etc | नयी दिल्ली |
| Name of publisher, distributor, etc | सामयिक प्रकाशन |
| Date of publication, distribution, etc | 1987 |
| 270 ## - ADDRESS | |
| City | नयी दिल्ली |
| Address | 3543, जटवाडा, दरयागंज |
| 300 ## - PHYSICAL DESCRIPTION | |
| Extent | 213पृ. |
| Dimensions | 18सेमी(सजिल्द ) |
| 650 ## - SUBJECT ADDED ENTRY--TOPICAL TERM | |
| Topical term or geographic name as entry element | हिंदी साहित्य |
| General subdivision | |
| Geographic subdivision | |
| 9 (RLIN) | 45168 |
| 650 ## - SUBJECT ADDED ENTRY--TOPICAL TERM | |
| Form subdivision | |
| Topical term or geographic name as entry element | भक्ति साहित्य |
| 9 (RLIN) | 45169 |
| 650 ## - SUBJECT ADDED ENTRY--TOPICAL TERM | |
| Topical term or geographic name as entry element | Hindi litarature |
| 9 (RLIN) | 45170 |
| 650 ## - SUBJECT ADDED ENTRY--TOPICAL TERM | |
| Topical term or geographic name as entry element | Bhakti literature |
| 9 (RLIN) | 45171 |
| 942 ## - ADDED ENTRY ELEMENTS (KOHA) | |
| Source of classification or shelving scheme | Dewey Decimal Classification |
| Koha item type | Hindi Books |
| Classification part | उ |
| Call number suffix | भट्टप्रे |
| Withdrawn status | Lost status | Source of classification or shelving scheme | Damaged status | Not for loan | Collection code | Home library | Current library | Date acquired | Source of acquisition | Cost, normal purchase price | Total Checkouts | Full call number | Barcode | Date last seen | Cost, replacement price | Price effective from | Koha item type |
|---|---|---|---|---|---|---|---|---|---|---|---|---|---|---|---|---|---|
| Dewey Decimal Classification | Fiction | Shahdara Branch | Shahdara Branch | 05/09/2018 | BPPD/PUB | 45.00 | उ भट्टप्रे | RC-103995 | 05/09/2018 | 45.00 | 05/09/2018 | Hindi Books |
